00508 2200181 4500001002100000005001500021035002000036007000300056008004100059020002200100082001000122084001600132100001800148245006600166260003800232300004600270650001000316INLIS00000000000040120221031015118 a0010-1022000143ta221031 b 1 ind  a978-979-039-798-9 a741.5 a741.5 RAN k0 aRandi Cantono1 aKAIFA :bKomik Fakta Ilmuwan & Penemu Muslim /cRandi Cantono aSolo :bZain Penyejuk Hati,c2021 a86 halaman :bilustrasi berwarna ;c24 cm 4asains